000 00935nas a2200301 4500
001 BR8200924
003 BR-BrBNA
005 20231205085035.0
007 ta
008 230509b bl.|||p| |||| 00| 00por d
040 _aBR-BrBNA
_bpor
_cBiblioteca Nacional de Agricultura
041 _a(Pt)
072 _aL72
100 1 _aBianchin, I.
100 1 _aMelo, H.J.H. de
100 1 _aGomes, A.
245 1 _aO ciclo parasitario do Haemonchus similis [Bovino; Bos taurus; Verminose]
246 1 _aThe parasitic life-cycle of Haemonchus similis [Bovine; Bos taurus; Verminosis]
650 _aPraga de animal
650 _aBovino
650 _aVerminose
650 _aInfeccao
650 _aIntestino
650 _aParasito de animal
773 0 _tPesquisa Agropecuaria Brasileira (Brazil)
_xISSN 0100-204X
_g(Nov 1981), v. 16(6) p. 895-899
_wBR8200924
909 _a202311
_bLúcia
_c55
_dLúcia Elande
942 _2AGRIS
_n0
_cANA
999 _c108839
_d108839